[Event "Thessaloniki op 3rd"]
[Site "Thessaloniki"]
[Date "2023.08.05"]
[Round "1"]
[White "Gouderis, Dimitrios"]
[Black "Morchiashvili, Bachana"]
[Result "0-1"]
[WhiteElo "1878"]
[BlackElo "2293"]
[PlyCount "58"]
[EventDate "2023.08.05"]
[EventType "swiss"]
[EventRounds "9"]
[EventCountry "GRE"]
[SourceTitle "CBM 215 Extra"]
[Source "ChessBase"]
[SourceDate "2023.09.30"]
[SourceVersion "1"]
[SourceVersionDate "2023.09.30"]
[SourceQuality "1"]

1. d4 Nf6 2. c4 g6 3. Nc3 Bg7 4. e4 d6 5. h3 0-0 6. Be3 Nbd7 7. Bd3 c5 8. d5 Ne5 9. Nf3 Nxd3+ 10. Qxd3 a6 11. 0-0 b5 12. cxb5 axb5 13. Nxb5 Ba6 14. a4 Nd7 15. Rab1 Qa5 16. b3 Rfb8 17. Bd2 Bxb5 18. axb5 Qxb5 19. Qxb5 Rxb5 20. b4 Rab8 21. Rfc1 cxb4 22. Rc4 b3 23. Bc3 Nb6 24. Rc6 Bxc3 25. Rxc3 Na4 26. Rc4 Rb4 27. Nd2 Rxc4 28. Nxc4 b2 29. Kf1 Rb4 0-1

[Event "Kavala op 22nd"]
[Site "Kavala"]
[Date "2013.08.08"]
[Round "4"]
[White "Gouderis, Dimitrios"]
[Black "Asvestopoulou, Evdokia"]
[Result "0-1"]
[WhiteElo "1866"]
[BlackElo "1569"]
[PlyCount "63"]
[EventDate "2013.08.06"]
[EventType "swiss"]
[EventRounds "9"]
[EventCountry "GRE"]
[SourceTitle "CBM 155 Extra"]
[Source "ChessBase"]
[SourceDate "2013.08.26"]
[SourceVersion "1"]
[SourceVersionDate "2013.08.26"]
[SourceQuality "1"]

1. e4 c5 2. Nf3 Nc6 3. d4 cxd4 4. Nxd4 Nf6 5. Nc3 e5 6. Ndb5 d6 7. Bg5 a6 8. Na3 b5 9. Nd5 Be7 10. Bxf6 Bxf6 11. c3 Ne7 12. Be2 Nxd5 13. exd5 0-0 14. 0-0 Bb7 15. Nc2 Qb6 16. Qd2 Rac8 17. Rad1 Rc5 18. Bf3 Be7 19. Qe3 Qd8 20. Na1 Bg5 21. Qe2 f5 22. Nb3 Rc7 23. g3 Rc8 24. Kh1 Rf7 25. Bg2 Bh6 26. Rd3 Qb6 27. f4 e4 28. Rdd1 g6 29. g4 Rcf8 30. g5 Bg7 31. h4 Rc8 32. h5 0-1

[Event "GRE-chT 41st"]
[Site "Achaia"]
[Date "2013.07.02"]
[Round "1.3"]
[White "Gouderis, Dimitrios"]
[Black "Mouroutis, Konstantinos"]
[Result "0-1"]
[WhiteElo "1859"]
[BlackElo "2229"]
[PlyCount "52"]
[EventDate "2013.07.02"]
[EventType "team-swiss"]
[EventRounds "7"]
[EventCountry "GRE"]
[SourceTitle "CBM 155 Extra"]
[Source "ChessBase"]
[SourceDate "2013.08.26"]
[SourceVersion "1"]
[SourceVersionDate "2013.08.26"]
[SourceQuality "1"]
[WhiteTeam "Giannitson"]
[BlackTeam "Patron CN"]
[WhiteTeamCountry "GRE"]
[BlackTeamCountry "GRE"]

1. e4 c5 2. Nf3 Nc6 3. d4 cxd4 4. Nxd4 e5 5. Nf3 Nf6 6. Nc3 Bb4 7. Bd3 d5 8. exd5 Nxd5 9. Bd2 0-0 10. 0-0 Bxc3 11. bxc3 Nf4 12. Be4 Qc7 13. Re1 Ng6 14. h3 Rd8 15. Qe2 f6 16. Qc4+ Qf7 17. Qxf7+ Kxf7 18. Rab1 Nge7 19. Rb5 b6 20. Be3 Be6 21. a4 Rac8 22. Bd2 Na5 23. Re2 Bc4 24. Bd3 Bxb5 25. axb5 Nd5 26. Bf5 Rc5 0-1

[Event "Ptolemaida Atomiko op 11th"]
[Site "Ptolemaida"]
[Date "2010.03.28"]
[Round "7"]
[White "Gouderis, Dimitrios"]
[Black "Kosmidis, Ioannis"]
[Result "1/2-1/2"]
[WhiteElo "1849"]
[BlackElo "1752"]
[PlyCount "26"]
[EventDate "2010.03.25"]
[EventType "swiss"]
[EventRounds "7"]
[EventCountry "GRE"]
[SourceTitle "CBM 135 Extra"]
[Source "ChessBase"]
[SourceDate "2010.05.04"]
[SourceVersion "1"]
[SourceVersionDate "2010.05.04"]
[SourceQuality "1"]

1. e4 c5 2. Nf3 e6 3. d4 cxd4 4. Nxd4 Nc6 5. Nxc6 bxc6 6. Bd3 d5 7. exd5 cxd5 8. 0-0 Nf6 9. Nc3 Bd7 10. Re1 Bc5 11. Qf3 0-0 12. Bg5 Rb8 13. Qh3 h6 1/2-1/2

[Event "Ptolemaida Atomiko op 11th"]
[Site "Ptolemaida"]
[Date "2010.03.27"]
[Round "6"]
[White "Koutroupas, Konstantinos"]
[Black "Gouderis, Dimitrios"]
[Result "1/2-1/2"]
[WhiteElo "1996"]
[BlackElo "1849"]
[PlyCount "64"]
[EventDate "2010.03.25"]
[EventType "swiss"]
[EventRounds "7"]
[EventCountry "GRE"]
[SourceTitle "CBM 135 Extra"]
[Source "ChessBase"]
[SourceDate "2010.05.04"]
[SourceVersion "1"]
[SourceVersionDate "2010.05.04"]
[SourceQuality "1"]

1. e4 c5 2. Nf3 e6 3. d4 cxd4 4. Nxd4 Nf6 5. Nc3 d6 6. g4 h6 7. h4 Nc6 8. Rg1 h5 9. g5 Ng4 10. Be2 d5 11. exd5 exd5 12. f3 Bc5 13. fxg4 Nxd4 14. Rg3 hxg4 15. Be3 Qd6 16. Bf2 Nf5 17. Bxc5 Qxg3+ 18. Bf2 Qe5 19. Qxd5 Qxd5 20. Nxd5 0-0 21. Bxg4 Re8+ 22. Kf1 Nd6 23. Bf3 Bh3+ 24. Kg1 Rac8 25. c3 Nc4 26. Nf4 Bf5 27. Bxb7 Rc7 28. Bd5 Be6 29. Re1 Nxb2 30. g6 Rce7 31. Bc5 Bxd5 32. Bxe7 Bc4 1/2-1/2

[Event "GRE-ch U16"]
[Site "Kallithea"]
[Date "2009.06.30"]
[Round "8"]
[White "Galopoulos, Panagiotis"]
[Black "Gouderis, Dimitrios"]
[Result "1/2-1/2"]
[WhiteElo "2151"]
[BlackElo "1820"]
[PlyCount "49"]
[EventDate "2009.06.25"]
[EventType "swiss"]
[EventRounds "9"]
[EventCountry "GRE"]
[SourceTitle "EXT 2011"]
[Source "ChessBase"]
[SourceDate "2010.11.26"]
[SourceVersion "1"]
[SourceVersionDate "2010.11.26"]
[SourceQuality "1"]

1. e4 c5 2. Nf3 e6 3. c3 d5 4. exd5 Qxd5 5. d4 Nf6 6. Na3 Nc6 7. Nb5 Qd8 8. Be3 a6 9. Na3 cxd4 10. Nxd4 Nxd4 11. Bxd4 Bxa3 12. Qa4+ Bd7 13. Qxa3 Rc8 14. Bd3 Bc6 15. 0-0 Qd5 16. f3 Qg5 17. Rae1 Nd5 18. Re5 Qd2 19. Bc4 Nf4 20. Bf2 Bxf3 21. Bxe6 Nxe6 22. gxf3 Rc6 23. Rfe1 Qd7 24. R5e4 Kd8 25. Qb4 1/2-1/2